[Event "Stay Safe Play From Home 244"]
[Site "Emanuel Lasker Arena"]
[Date "2020.06.22"]
[Round "6"]
[White "SoulofWolf"]
[Black "Dj amir"]
[Result "0-1"]
[WhiteElo "2165"]
[BlackElo "2418"]
[Annotator "TA"]
[PlyCount "58"]
[EventDate "2020.06.22"]
[EventType "swiss (blitz)"]

{[%evp 9,57,38,29,29,27,-145,-139,-121,-131,-122,-47,-145,-143,-140,-143,-145,-145,-146,-139,-139,-141,-214,-225,-219,-157,-420,-402,-383,-247,-469,-460,-432,-451,-437,-366,-528,-355,-372,-379,-595,-611,-1197,-1175,-1437,-1394,-29997,-904,-29998,-29999,-29999]} 1. Nf3 c5 2. c4 g6 3. e3 Bg7 4. d4 Nf6 5. d5 O-O 6. Be2 {E60: King's Indian: Unusual lines and Fianchetto Variation without Nc3.} e6 {[#]} 7. Rf1 $146 (7. Nc3 $11) ({Predecessor:} 7. O-O exd5 8. cxd5 d6 9. Nc3 Re8 10. Nd2 Na6 11. e4 Rb8 12. Re1 Bd7 13. a4 {1-0 (22) Nakamura,H (2745)-So,W (2767) chess.com INT 2020}) 7... exd5 $17 8. cxd5 {Black is clearly better.} Re8 9. Nc3 Ne4 (9... d6 $17 10. Nd2 Na6) 10. Qc2 {[#]} ({Better is} 10. Nxe4 $15 Rxe4 11. Bd3) 10... Nxc3 $1 11. bxc3 d6 12. Bb2 Bf5 13. Bd3 Bxd3 14. Qxd3 Nd7 {[%cal Bb8d7,Bd7c5,Bc5e4,Be4g3][%mdl 32]} 15. h3 (15. Ke2 $17) 15... c4 $19 16. Qxc4 Rc8 $36 {[%mdl 2048] Black is in control.} 17. Qd3 $2 {Loses the game.} (17. Qb4 $17) 17... Nc5 18. Qc2 Qb6 19. Kd1 $2 (19. Rb1 Qa5 20. Ba1) 19... Ne4 {[%cal Rg7c3]} 20. Nd4 Bxd4 21. exd4 {[#]} Qb5 $1 {[%cal Rb5f1][%mdl 512]} 22. Re1 (22. Rg1 {is a better defense.} Nf6 23. a4) 22... Qxd5 23. f3 Ng3 {And now ...Rxe1+ would win.} 24. Rxe8+ (24. c4 {keeps fighting.} Rxe1+ 25. Kxe1) 24... Rxe8 25. Qf2 Qb5 26. c4 Qxc4 27. Rc1 Qd3+ 28. Qd2 {[#]} Re1+ $1 {[%mdl 576] Decoy, Back Rank} 29. Kxe1 Qf1# {Accuracy: White = 29%, Black = 72%.} 0-1

[Event "Stay Safe Play From Home 244"]
[Site "Emanuel Lasker Arena"]
[Date "2020.06.22"]
[Round "6"]
[White "Lazieri3"]
[Black "Tolka"]
[Result "1-0"]
[WhiteElo "2143"]
[BlackElo "2285"]
[Annotator "TA"]
[PlyCount "63"]
[EventDate "2020.06.22"]
[EventType "swiss (blitz)"]

{[%evp 27,63,10,32,0,12,12,23,13,21,19,54,13,70,20,20,21,52,48,48,26,29,8,8,8,8,8,6,0,0,0,1272,1272,1588,1524,1469,1191,29985,29986]} 1. e4 e5 2. Nc3 Nc6 3. Nf3 Nf6 4. d4 exd4 5. Nxd4 Bb4 6. Nxc6 bxc6 7. Bd3 d5 8. exd5 cxd5 9. O-O O-O 10. Bg5 c6 11. Qf3 h6 12. Bxf6 Qxf6 13. Qxf6 gxf6 14. Ne2 Bd6 15. c3 {C47: Scotch Four Knights and Four Knights with 4 g3.} Rb8 16. b4 {[#]} a5 $146 ({Predecessor:} 16... Bd7 17. Nd4 c5 {½-½ (17) Kuzmicz,K (2460)-Heberla,B (2569) Lanzarote 2018}) 17. a3 {White has an edge.} axb4 18. axb4 Bg4 19. Nd4 Bd7 ({Black should play} 19... c5 $11 20. Nb5 c4 21. Bxc4 (21. Nxd6 cxd3 22. f3 Be6 $11) 21... Bxb4 22. cxb4 dxc4) 20. Nf5 (20. Bf5 $5 {[%cal Rf5d7]} Bc8 21. Bxc8 Rfxc8 22. Nf5 $16) 20... Bxf5 21. Bxf5 Ra8 22. Bd7 c5 23. bxc5 Bxc5 24. Rxa8 Rxa8 $14 {[%mdl 4096] Endgame KRB-KRB} 25. Bc6 Ra3 26. Bxd5 Rxc3 27. g3 Rc2 28. Be4 Kg7 $2 {[%mdl 8192] [#]} (28... Re2 $11 29. Bf5 Kg7) 29. Bxc2 $18 h5 30. Kg2 Kh6 31. Rd1 Kg5 32. Rd5+ {[%mdl 64] Double Attack. Accuracy: White = 75%, Black = 54%.} 1-0

[Event "Stay Safe Play From Home 244"]
[Site "Emanuel Lasker Arena"]
[Date "2020.06.22"]
[Round "6"]
[White "Bardellosport"]
[Black "Mepe_Nika"]
[Result "0-1"]
[WhiteElo "2055"]
[BlackElo "2328"]
[Annotator "TA"]
[PlyCount "74"]
[EventDate "2020.06.22"]
[EventType "swiss (blitz)"]

{[%evp 18,74,-37,-34,33,-30,-22,-27,58,69,73,77,77,77,79,85,116,139,135,-15,-3,-10,-18,-85,-68,-164,-68,-89,-68,-71,29998,-155,60,56,62,66,65,45,98,0,0,-84,6,-361,33,0,0,0,6,-26,0,-16,-8,-31,14,14,30,-25,0]} 1. Nc3 e5 2. Nf3 Nc6 3. d4 exd4 4. Nxd4 Nf6 5. e4 Bb4 6. Nxc6 bxc6 7. Bd2 O-O 8. Bd3 Re8 9. f3 d5 10. O-O {[#]} Be6 $146 {C47: Scotch Four Knights and Four Knights with 4 g3.} (10... Rb8 $15) ({Predecessor:} 10... dxe4 11. Nxe4 Nxe4 12. fxe4 Qd4+ 13. Kh1 Bxd2 14. Qxd2 Qe5 15. b3 Be6 16. Qf4 Qxf4 17. Rxf4 f6 18. Re1 {½-½ (53) Bukvic,M (2112)-Blagojevic,D (2482) Niksic 2016}) 11. a3 (11. e5 $14) 11... Bd6 12. Qe1 Nh5 (12... Bf5 $11) 13. e5 $14 Bd7 14. f4 g6 15. Qf2 Bf8 16. h3 Rb8 17. g4 Ng7 18. f5 (18. Na4 $16) 18... Rxe5 $11 19. fxg6 fxg6 20. Qf7+ Kh8 21. Bh6 {[#]} (21. b4 $15) 21... Re7 (21... Bf5 $1 $19 {[%mdl 512] ...Qh4! is the strong threat.} 22. Bxf5 (22. gxf5 $2 Qh4 $17) 22... Qh4) 22. Qf6 Re8 23. Qd4 {Rxf8+! would kill now.} c5 $2 {[%mdl 8192] [#]} (23... Qe7 $17 24. Rf3 Kg8 25. Qxa7 Ne6 26. Bxf8 Rxf8) 24. Qf4 $2 (24. Rxf8+ $1 {[%mdl 512] mates} Rxf8 25. Qxg7#) 24... Ne6 $2 (24... Bd6 $17 25. Qf7 Be5) 25. Qe5+ $14 {[%mdl 64] Double Attack} Bg7 26. Bxg7+ Nxg7 27. Qxd5 Be6 ({Black should try} 27... c4 $14 28. Be4 (28. Bxc4 Qh4 $14) (28. Qxc4 Re3 $11) 28... Be6 29. Qxd8 Rexd8) 28. Qf3 (28. Qxc5 $16 {Black must now prevent Rae1.} Rxb2 29. Rae1 (29. Qxa7 Rb6 $14)) 28... Rxb2 {Threatens to win with ...Qd4+.} 29. Ne4 (29. Qf2 $11 {remains equal.}) 29... Bd5 ({Better is} 29... c4 $17 {Strongly threatening ...Bd5.} 30. Nf6 cxd3 31. Nxe8 Qxe8 32. Qxd3 Qc6) 30. Rae1 $2 {[%mdl 8192]} (30. Qf6 $11 {and White stays safe.} Rb8 31. Qxd8 Rbxd8 32. Nxc5) 30... Bxe4 $2 ({Black should play} 30... c4 $19 31. Qf6 Rb8) 31. Bxe4 {aiming for Rd1.} Rb8 32. Qf7 Rf8 33. Qc4 Qe7 34. Bb7 Qd6 35. Bg2 Qd4+ 36. Qxd4 cxd4 37. Rd1 (37. Re7 $142) 37... Rxf1+ {[%mdl 32768] Quite a comeback for White. Accuracy: White = 41%, Black = 36%. . Loss on time!?} 0-1

[Event "Stay Safe Play From Home 244"]
[Site "Emanuel Lasker Arena"]
[Date "2020.06.22"]
[Round "6"]
[White "Greblha"]
[Black "Weltszmerc"]
[Result "0-1"]
[WhiteElo "1948"]
[BlackElo "2156"]
[Annotator "TA"]
[PlyCount "120"]
[EventDate "2020.06.22"]
[EventType "swiss (blitz)"]

{[%evp 9,119,1,0,8,14,13,28,-2,29,19,36,28,22,13,29,-7,-10,-10,-16,-315,-21,-22,0,0,0,0,0,0,0,0,15,-31,-26,-72,-70,-507,-515,-508,-502,-681,-667,-754,-751,-750,-750,-968,-924,-1135,-1124,-1102,-1079,-4790,-4947,-7138,-6799,-29979,-29980,-29982,-29977,-29978,-29977,-29977,-29978,-29975,-29971,-29978,-29978,-29978,-29977,-29977,-29973,-29973,-29974,-29971,-29973,-29977,-29978,-29973,-6954,-29985,-29981,-29981,-29982,-29985,-29986,-29987,-29988,-29991,-29988,-29992,-29993,-29993,-29994,-29994,-29995,-29996,-29997,-29997,-29998,-29998,-29998,-29998,-29997,-29997,-29997,-29997,-29997,-29997,-29998,-29998,-29999,-29999]} 1. e4 Nf6 2. e5 Nd5 3. d4 d6 4. exd6 cxd6 5. Bc4 Nb6 6. Bb3 {B03: Alekhine's Defence: Four Pawns Attack.} g6 7. c3 Bg7 8. Ne2 {White has an edge.} O-O 9. O-O {[#]} e5 $146 ({Predecessor:} 9... Qc7 10. Ng3 e5 11. dxe5 dxe5 12. f4 N8d7 13. f5 Nf6 14. Bg5 Nbd5 15. Bxd5 Qc5+ {1-0 (50) Quiroz,C-Padilla,H (2186) Lima 2002}) 10. dxe5 dxe5 11. Qxd8 Rxd8 12. Be3 Nc6 13. Nd2 {[%cal Bb1d2,Bd2c4,Bc4e3][%mdl 32]} h6 14. Bxb6 $2 {[%mdl 8192] [#]} (14. Rad1 $11 {and White is okay.}) 14... axb6 $2 ({Black should play} 14... Rxd2 $19 15. Be3 Rxe2) 15. Nc4 Ra6 16. Rad1 Rxd1 17. Rxd1 Be6 18. Ne3 Bxb3 19. axb3 f5 20. Nc4 b5 21. Nd6 Nd4 {[%mdl 64] [#] Discovered Attack. Black keeps a firm grip on the game.} 22. Nxd4 $2 {[%mdl 8192]} (22. cxd4 $15 Rxd6 23. d5) 22... Rxd6 $19 {[%mdl 64] Pin} 23. Kf1 exd4 24. cxd4 Rxd4 {[%mdl 4096] Endgame KRB-KR} 25. Rc1 Rd2 26. Rc8+ Kh7 27. Rc7 Rxb2 28. Rxb7 Rxb3 29. Ke2 Rb2+ 30. Kf3 b4 31. g4 fxg4+ 32. Kxg4 Rxf2 33. Rxb4 Rxh2 34. Rb7 Rg2+ 35. Kf3 Ra2 36. Ke4 h5 37. Kf4 Kh6 38. Rb8 Ra4+ 39. Kf3 Bf6 40. Rb6 Ra3+ 41. Ke4 Kg5 42. Rb7 h4 43. Rb5+ Kg4 44. Kd5 g5 {Black mates.} 45. Ke6 Bc3 46. Rc5 h3 47. Rc4+ Kg3 48. Rc5 g4 49. Rc4 h2 50. Kf5 h1=Q 51. Rxg4+ Kh3 52. Rh4+ Kxh4 53. Ke6 Qc6+ 54. Kf5 Ra7 {[%cal Ra7f7]} 55. Kf4 Ra5 {[%cal Rc3d2,Ba7a5,Ba5a3,Ba3a1][%mdl 32]} 56. Ke3 Qc4 57. Kf2 Bf6 58. Kf3 Ra3+ 59. Kf2 Qc2+ 60. Ke1 Ra1# {Accuracy: White = 40%, Black = 83%.} 0-1

[Event "Stay Safe Play From Home 244"]
[Site "Emanuel Lasker Arena"]
[Date "2020.06.22"]
[Round "6"]
[White "Germanicus G"]
[Black "MartinKestler"]
[Result "0-1"]
[WhiteElo "1308"]
[BlackElo "1902"]
[Annotator "TA"]
[PlyCount "62"]
[EventDate "2020.06.22"]
[EventType "swiss (blitz)"]

{[%evp 16,62,11,0,0,-20,0,0,0,-61,101,79,237,234,275,261,301,287,405,394,425,395,403,377,386,376,458,384,693,460,455,466,460,371,414,236,225,187,180,187,244,238,275,262,308,197,204,200,189]} 1. e3 d5 2. g3 c6 3. Bg2 Nf6 4. d4 g6 5. Nf3 Bg7 6. c4 O-O 7. cxd5 cxd5 8. Nc3 Nc6 9. O-O Bf5 {D79: Fianchetto Grünfeld: Symmetrical Variation (6 0-0 c6 7 cxd5 cxd5).} 10. Qb3 Qb6 11. Qxb6 axb6 {[#] The position is equal.} 12. a3 $146 ({Better is} 12. Bd2 $11) ({Predecessor:} 12. Bd2 Ra6 13. Rfd1 Rfa8 14. Nh4 Bc2 15. Rdc1 Bb3 16. Bf1 Ra5 17. a3 e5 18. dxe5 Nxe5 {1-0 (49) Karlsson,M (1929)-Einarsson,O (1571) Glasgow 2012}) 12... e5 $2 {[#]} (12... e6 $15 {stays ahead.}) 13. Nxe5 Nxe5 $2 {This costs Black the game.} (13... Rfd8 $16 {was necessary.}) 14. dxe5 $18 Nd7 15. f4 ({Weaker is} 15. Bxd5 Bxe5 16. e4 (16. Bxb7 Ra7 $16) 16... Be6 $16) (15. Nxd5 Bd3 $16) 15... Be6 16. Nxd5 Bxd5 (16... Rad8 $142 17. e4 f6 18. exf6 Nxf6 19. Nxf6+ (19. Nxb6 Nxe4 20. Bxe4 Bd4+ 21. Kg2 Bxb6 $16) 19... Bxf6) 17. Bxd5 Rab8 18. Bd2 Nc5 19. Bc3 Rfd8 20. e4 Bf8 21. Rad1 Nd7 $2 (21... Na4 22. e6 Nxc3) 22. Rd2 Nc5 23. Rfd1 Be7 24. Bb4 Kg7 25. Bxc5 (25. Kg2 $142) 25... bxc5 26. f5 {[#] Strongly threatening f6+.} f6 27. e6 g5 (27... b5 $142 28. Bc6 Rxd2 29. Rxd2 Kf8) 28. g4 h6 29. h3 b5 30. Bb3 Rxd2 31. Rxd2 Rd8 {[%mdl 32768] Accuracy: White = 57%, Black = 29%. . Loss on time!?} 0-1

[Event "Stay Safe Play From Home 244"]
[Site "Emanuel Lasker Arena"]
[Date "2020.06.22"]
[Round "6"]
[White "Klasman"]
[Black "Dave_H"]
[Result "0-1"]
[WhiteElo "1206"]
[BlackElo "1766"]
[Annotator "NA RC"]
[PlyCount "52"]
[EventDate "2020.06.22"]
[EventType "swiss (blitz)"]
[BlackTeam "SK Vellmar"]

{- Halt, David (2088)} 1. f4 {[%emt 0:00:03]} f5 {[%emt 0:00:01]} 2. Nf3 {[%emt 0:00:02]} Nf6 {[%emt 0:00:00]} 3. e3 {[%emt 0:00:01]} g6 {[%emt 0:00:01]} 4. c4 {[%emt 0:00:01]} Bg7 {[%emt 0:00:00]} 5. d4 {[%emt 0:00:01]} O-O {[%emt 0:00:00]} 6. Nc3 {[%emt 0:00:01]} d6 {[%emt 0:00:01]} 7. Bd3 {[%emt 0:00:01]} c6 {[%emt 0:00:01]} 8. Bd2 {[%emt 0:00:02]} Qc7 {[%emt 0:00:01]} 9. O-O {[%emt 0:00:01]} Nbd7 {[%emt 0:00:01]} 10. d5 {[%emt 0:00:02]} e5 {[%emt 0:00:02]} 11. e4 {[%emt 0:00:06]} fxe4 {[%emt 0:00:02]} 12. Nxe4 {[%emt 0:00:01]} cxd5 {[%emt 0:00:03]} 13. cxd5 {[%emt 0:00:05]} Nxd5 {[%emt 0:00:02]} 14. Rc1 {[%emt 0:00:03]} Qb6+ {[%emt 0:00:02]} 15. Kh1 {[%emt 0:00:04]} Nxf4 {[%emt 0:00:04]} 16. Bxf4 {[%emt 0:00:04]} Rxf4 {[%emt 0:00:02]} 17. Bc4+ {[%emt 0:00:04]} Kh8 {[%emt 0:00:01]} 18. Neg5 {[%emt 0:00:01]} Nf8 {[%emt 0:00:06]} 19. Nf7+ {[%emt 0:00:02]} Rxf7 {[%emt 0:00:02]} 20. Bxf7 {[%emt 0:00:01]} Bg4 {[%emt 0:00:02]} 21. Qc2 {[%emt 0:00:03]} Ne6 {[%emt 0:00:11]} 22. Bxe6 {[%emt 0:00:02]} Bxe6 {[%emt 0:00:01]} 23. Ng5 {[%emt 0:00:01]} Bg8 {[%emt 0:00:02]} 24. Nf7+ {[%emt 0:00:05]} Bxf7 {[%emt 0:00:01]} 25. Rxf7 {[%emt 0:00:01]} Rg8 {[%emt 0:00:04]} 26. Qc8 {[%emt 0:00:03]} Qg1+ {[%emt 0:00:01] Time (Lag: Av=0.29s, max=0.3s)} 0-1

[Event "Stay Safe Play From Home 244"]
[Site "Emanuel Lasker Arena"]
[Date "2020.06.22"]
[Round "7"]
[White "Dj amir"]
[Black "Lazieri3"]
[Result "1-0"]
[WhiteElo "2425"]
[BlackElo "2167"]
[Annotator "TA"]
[PlyCount "85"]
[EventDate "2020.06.22"]
[EventType "swiss (blitz)"]

{[%evp 9,85,6,53,52,92,56,115,80,85,85,76,48,61,61,65,31,79,0,79,54,66,61,73,0,87,65,101,89,91,85,79,62,200,191,214,211,275,157,309,52,60,18,233,70,269,60,112,57,198,20,105,24,111,0,17,20,81,26,26,18,18,20,114,-69,-71,-60,49,58,116,77,48,0,0,-185,-183,-402,1799,1731]} 1. c4 c6 2. g3 d5 3. Bg2 Nf6 4. Nf3 Bf5 5. O-O dxc4 6. Na3 {[#] A11: English Opening: 1...c6.} Qc8 $146 ({Predecessor:} 6... b5 7. b3 cxb3 8. axb3 e6 9. Bb2 Be7 10. Nh4 Bg4 11. h3 Bh5 12. g4 Nd5 13. Nf3 Bg6 {0-1 (28) Rozum,I (2585)-Alekseenko,K (2582) St Petersburg 2016}) 7. Re1 Bh3 (7... b5 $14) 8. Bh1 {White is better.} e6 9. Nxc4 Be7 10. b3 O-O 11. Bb2 Nbd7 12. Rc1 Nb6 13. Na5 (13. Nfe5 $16) 13... Bd8 (13... Bb4 $11 14. Nc4 Qc7) 14. Ng5 Bf5 15. e4 Bg6 16. d4 (16. Qc2 $16) 16... Nbd7 (16... h6 $11 17. Nh3 Na4 18. bxa4 Bxa5) 17. Nc4 Bc7 18. e5 Nd5 19. h4 h6 20. Ne4 f5 (20... Qb8 $14) 21. Ned6 $18 Qb8 22. Ba3 f4 23. h5 (23. Qg4 $18 Bf5 24. Nxf5 exf5 25. Qh3) 23... Bh7 $2 (23... Bf5 $16 {was necessary.} 24. Bg2 fxg3 25. fxg3 Qd8) 24. g4 $2 (24. Qg4 $18 Bf5 25. Nxf5 Rxf5 26. Be4) 24... b5 $14 25. Nd2 (25. g5 $5 Bf5 26. gxh6 (26. Nxf5 Rxf5 27. gxh6 Rg5+ 28. Kh2 bxc4 $11) 26... gxh6 27. Nd2 $16 (27. Nxf5 Rxf5 28. Nd6 Bxd6 $16)) 25... Qd8 $2 (25... b4 $11) 26. Nf3 $2 (26. Bxd5 $1 $18 cxd5 27. Nxb5) 26... Nb8 $2 ({Black should play} 26... Rb8 $14) 27. Ne4 $2 (27. Nb7 $18 Qc8 28. Bxf8) 27... Re8 (27... b4 $14 28. Bb2 Ne3) 28. Nc5 (28. Bg2 $16) 28... Bb6 (28... Qe7 $14) 29. Bb2 $2 (29. Nb7 $1 $18 {[%cal Rb7d8]} Qd7 30. Nd6) 29... Nd7 {[#]} (29... Bxc5 $11 30. dxc5 (30. Rxc5 Na6 $14) 30... Na6) 30. Nd3 (30. Nb7 $1 $16 {[%cal Rb7d8]} Qe7 31. Nd6) 30... Nf8 (30... Ba5 $11) 31. Nc5 (31. Rxc6 $16 {Threatens to win with Nc5.} Qe7 32. Nh2) 31... Bxc5 32. Rxc5 a5 (32... Rc8 $11 {remains equal.}) 33. a4 (33. Rxc6 $16 {aiming for Rc5.} Nb4 34. Rd6) 33... bxa4 $11 34. bxa4 ({Of course not} 34. Rxc6 Rb8 $15) 34... Rb8 35. Ba3 Nb4 {[#]} (35... Rb1 $11 {keeps the balance.} 36. Qd2 Rb3) 36. Qd2 $2 (36. Bxb4 $1 $16 Rxb4 37. Rxc6) 36... Nd7 37. Rc3 Nf8 ({Better is} 37... Nb6 $1 $15) 38. Rec1 $36 {[%mdl 2048] White has some pressure.} Qd7 (38... Re7 $14) 39. Bxb4 axb4 {[%cal Ba5b4,Bb4b3][%mdl 32]} 40. Rxc6 b3 $1 {[%cal Rb3b2] Strongly threatening ...b2.} 41. Rc7 $2 (41. Qb2 $1 $11 {and White stays safe.}) 41... Qxa4 {And now ...b2 would win.} 42. Qb2 $2 (42. Qxf4 Nd7 43. Re1 (43. R1c4 $2 Qa1+ 44. Kh2 Rf8 $19)) 42... Qa1 $4 {[%mdl 8192]} (42... Qa2 $19 43. Qxa2 bxa2) 43. Rxa1 {Never resign too early! Accuracy: White = 26%, Black = 33%.} 1-0

[Event "Stay Safe Play From Home 244"]
[Site "Emanuel Lasker Arena"]
[Date "2020.06.22"]
[Round "7"]
[White "Mepe_Nika"]
[Black "SoulofWolf"]
[Result "0-1"]
[WhiteElo "2334"]
[BlackElo "2159"]
[Annotator "TA"]
[PlyCount "118"]
[EventDate "2020.06.22"]
[EventType "swiss (blitz)"]

{[%evp 9,118,13,28,15,30,20,30,32,33,0,31,-6,-4,-12,24,32,44,39,44,26,35,-520,41,51,118,72,75,59,117,101,97,67,202,144,194,177,243,252,272,283,256,237,250,191,183,132,263,189,183,111,191,0,54,-69,-72,-72,59,0,0,-131,-128,-165,0,24,264,206,208,185,191,203,227,211,169,52,104,67,358,360,300,333,754,296,289,-456,-440,-401,-401,-770,-766,-750,-695,-1257,-1215,-1365,-596,-29998,0,-29975,0,0,0,-29995,-29996,-29999,-29994,-29994,-29995,-29995,-29996,-29996,-29997]} 1. d4 d5 2. Bf4 e6 3. e3 Bd6 4. Bxd6 Qxd6 5. c4 Nd7 6. Nc3 {D00: 1 d4 d5: Unusual lines.} Ngf6 7. Nf3 O-O 8. c5 {White has an edge.} Qe7 9. Qc2 c6 10. b4 e5 11. Be2 e4 12. Nd2 {[#]} Re8 $146 ({Predecessor:} 12... Ne8 13. b5 f5 14. Qa4 Qf6 15. Qb3 Kh8 16. g3 f4 17. gxf4 Qh4 18. Nd1 Ndf6 19. bxc6 bxc6 {½-½ (71) Topel,Z (2092)-Ismailova,A (2168) Nakhchivan 2003}) 13. O-O Nf8 14. h3 Bf5 15. f3 $2 {[%mdl 8192]} (15. Rfb1 $14 {keeps the upper hand.}) 15... Bg6 $2 (15... exf3 $19 16. e4 dxe4) 16. f4 $14 Qe6 (16... Bf5 $14) 17. a4 h5 18. b5 a6 (18... Bf5 $14) 19. bxc6 bxc6 20. Rfb1 Reb8 ({Black should try} 20... a5 $14) 21. a5 Bf5 22. Rb6 N8d7 (22... Ng6 $142) 23. Rxa6 $18 Rxa6 24. Bxa6 Ra8 25. Bf1 Ra7 26. Qb3 h4 27. a6 (27. Qd1 $18) 27... Kh7 (27... Nh5 $16) 28. Qa4 Nh5 29. Ne2 (29. Nd1 $1 $18) 29... Qg6 (29... Nb8 $16 {was worth a try.}) 30. Kh2 $2 (30. Kf2 $1 $18) 30... Ng3 ({Black should play} 30... Ndf6 $11) 31. Nxg3 (31. Ng1 $1 $14) 31... Qxg3+ $15 {[%mdl 64] Double Attack} 32. Kh1 Qf2 (32... Qxe3 $17 33. Qxc6 Qxd2 34. Qxd5 {[%mdl 64] Double Attack} Kg6) 33. Qd1 (33. Qxc6 $14 Qxd2 34. Qxd5 {[%mdl 64] Double Attack}) 33... Qxe3 $11 34. Qe1 (34. Qh5+ $11 {remains equal.} Kg8 35. Qxf5) 34... Qxf4 $17 35. Nb3 Qg5 $2 (35... Nb8 $1 $19 36. Qa5 Bc8) 36. Na5 $1 $11 {[%cal Ra5c6]} Rc7 $2 (36... Qf6 $11) 37. Nb7 ({Don't play} 37. Nxc6 $6 Rxc6 38. a7 Rc8 $18) 37... Rc8 {[#]} 38. Nd6 $1 $36 {[%cal Rd6c8][%mdl 2048] White is on the roll.} Ra8 39. Nxf5 {[%mdl 64] Overworked Piece} ({Much less strong is} 39. Nxf7 $6 Qf6 $14) 39... Qxf5 40. Qxh4+ Kg8 41. Qe1 ({Better is} 41. Be2 $18) 41... Nf6 (41... Qf4 $14) 42. Rb1 Qg6 $2 {[%mdl 8192]} (42... e3 $14) 43. Rb7 $18 Nh5 44. a7 {Rb8+ is the strong threat.} Ng3+ $2 (44... Qg3 45. Qxg3 Nxg3+ 46. Kg1 Kh7 47. Rxf7 Kg6) 45. Kg1 $2 (45. Kh2 {Strongly threatening Rb8+.} Nxf1+ 46. Qxf1) 45... Kh7 46. Rb8 $4 {[%mdl 8192]} (46. Qf2 $18 {was the only winning move.}) 46... Rxa7 $19 47. Rb3 Nf5 48. Re3 (48. Qf2 $142 Ra1 49. Qb2) 48... Nxe3 49. Qxe3 {[%mdl 4096] Endgame KQR-KQB} Qh6 50. Qe2 Ra1 51. Qf2 Qc1 (51... e3 $142 52. Qf3 Qf6) 52. Qg3 e3 $2 (52... Qxf1+ 53. Kh2 Qh1#) 53. Kh2 $2 {[%mdl 8192]} (53. Qh4+ $11 Kg8 54. Qd8+ Kh7 55. Qh4+ Kg6 56. Qg3+ Kh5 57. Qg4+ Kh6 58. Qh4+ Kg6 59. Qg3+ Kh5 60. Qg4+ Kh6 61. Qh4+ Kg6) 53... Qxf1 $2 (53... g6 {mates} 54. Qh4+ Kg7 55. Qg5 f6 56. Qf4 Qxf1 57. Qxe3 Re1 58. Qf3 Qg1+ {[%mdl 64] Double Attack} 59. Kg3 {[#]} Re3 $1 {[%mdl 512]} 60. h4 Rxf3+ 61. Kxf3 Qxd4 {[%mdl 64] Double Attack} 62. Ke2 Qxh4 63. Kd3 Qg3+ 64. Kc2 d4 65. Kb2 Qc3+ 66. Ka2 d3 67. g4 d2 68. g5 d1=Q 69. gxf6+ Kh8 70. f7 Qdc2#) 54. Qh4+ $11 Kg6 {( -> ...Qg1+)} 55. Kg3 $2 {[%mdl 8192]} (55. Qg3+ $11 Kh6 56. Qh4+ Kg6 57. Qg3+ {[%mdl 64] Double Attack} Kh7 58. Qh4+ Kg6) 55... Qf2+ {Black mates.} 56. Kg4 Qxh4+ 57. Kxh4 Rg1 58. Kg3 e2 59. h4 e1=Q+ {Accuracy: White = 35%, Black = 32%.} 0-1

[Event "Stay Safe Play From Home 244"]
[Site "Emanuel Lasker Arena"]
[Date "2020.06.22"]
[Round "7"]
[White "Tolka"]
[Black "Lamborghini"]
[Result "1-0"]
[WhiteElo "2261"]
[BlackElo "2205"]
[Annotator "TA"]
[PlyCount "111"]
[EventDate "2020.06.22"]
[EventType "swiss (blitz)"]

{[%evp 15,111,25,39,0,8,6,31,31,31,27,27,22,42,42,50,28,56,50,351,360,365,368,345,286,275,264,268,178,177,109,121,-154,272,269,270,196,240,192,179,195,320,331,312,315,295,280,355,265,397,333,333,335,329,316,316,200,319,326,1042,1042,29978,1304,29998,29976,29976,29977,29976,29977,29973,6961,29975,29976,29972,29971,29976,29975,29972,5933,29971,29972,29971,29972,29969,29970,29973,29971,29973,29970,5706,1585,5185,4822,4822,3458,4702,1970,1911,1800]} 1. e4 g6 2. Nf3 Bg7 3. d4 d6 4. Nc3 Nf6 5. Be2 O-O 6. O-O Nc6 7. d5 Nb8 8. h3 c6 9. dxc6 {B08: Pirc Defence: Classical System.} Nxc6 10. Re1 Bd7 {[#]} 11. Bf1 $146 {White is slightly better.} ({Predecessor:} 11. Be3 Rc8 12. Bd3 a6 13. Qd2 b5 14. a3 Na5 15. Rab1 Nc4 16. Bxc4 Rxc4 17. Bh6 {½-½ (75) Gannon,K (1635)-Duncan,K Winnipeg 2000}) 11... Rc8 12. Nd5 Re8 13. c3 Be6 14. Bg5 h6 15. Bh4 g5 16. Bg3 Nxd5 $4 {[%mdl 8192]} (16... Qa5 $14) 17. exd5 $18 {[%mdl 64] [#] Discovered Attack} Bf5 18. dxc6 bxc6 19. Nh2 e5 20. Bd3 Be6 21. Ba6 Rb8 22. Qd2 (22. b4 $18) 22... f5 $16 23. f3 $2 {[%mdl 8192]} (23. Nf3 $16) 23... f4 $2 (23... Qb6+ $17 24. Bf2 Qxa6) 24. Bf2 $18 {White stays focused until the end.} d5 25. Ng4 ({Inferior is} 25. Bxa7 Ra8 $15) 25... Qc7 26. Bd3 h5 27. Nh2 c5 (27... g4 $142) 28. Bg6 Bf7 29. Bxf7+ Qxf7 30. Rad1 Rbd8 31. Nf1 e4 (31... c4 {was worth a try.} 32. b3 cxb3 33. axb3 g4 34. hxg4 hxg4 35. fxg4 e4) 32. Bxc5 e3 33. Nxe3 fxe3 34. Bxe3 g4 35. Bd4 gxh3 (35... Bxd4+ $142 36. Qxd4 (36. cxd4 gxh3 37. gxh3 Kh7 $16) 36... gxh3) 36. Qg5 Rxe1+ $2 (36... Rb8 37. f4 Kf8 38. Rxe8+ (38. gxh3 Bxd4+ 39. cxd4 Rxe1+ 40. Rxe1 Qg7 $18) 38... Rxe8 39. Bc5+ (39. gxh3 Bxd4+ 40. Rxd4 Qe6 $18) 39... Kg8 40. Rxd5 Re2 41. gxh3 Rxb2) 37. Rxe1 hxg2 38. Re7 (38. Qxd8+ $142 Bf8 39. Kxg2 Qf5 {[#]} 40. Re5 $1 {[%mdl 576] Double Attack} Qf7 41. Bc5 h4 42. Bxf8 h3+ 43. Kf2) 38... Qf6 39. Qxg7+ Qxg7 40. Rxg7+ {[%mdl 4096] Endgame KRB-KR} Kf8 41. Rxa7 Re8 42. Rh7 (42. b4 $142 Re1+ 43. Kxg2 Ke8 44. a4 Rd1 45. a5 Rb1 46. a6 Kf8 47. Rh7) 42... Re2 43. Rxh5 Kf7 44. Rf5+ Kg6 45. Rf6+ Kh5 46. Rf4 (46. a4 $142 Rxb2 47. a5 Kh4 48. a6 Kh3 49. Rg6 Ra2 50. a7 Ra5 51. Rg8 Ra1+ 52. Kf2) 46... Kg5 47. Rg4+ {[%mdl 64] Double Attack} Kf5 48. Rxg2 Re1+ 49. Kh2 Re6 50. Kg3 Rh6 51. Kf2 Re6 52. Be3 {White is clearly winning.} d4 53. Rg5+ Kf6 54. cxd4 Rc6 55. Kg3 Rc2 56. Kf4 {Accuracy: White = 56%, Black = 35%.} 1-0